<?xml version="1.0" encoding="UTF-8"?>
<record
    xmlns:xsi="http://www.w3.org/2001/XMLSchema-instance"
    xsi:schemaLocation="http://www.loc.gov/MARC21/slim http://www.loc.gov/standards/marcxml/schema/MARC21slim.xsd"
    xmlns="http://www.loc.gov/MARC21/slim">

  <leader>01124nam a2200253 a 4500</leader>
  <controlfield tag="001">79779</controlfield>
  <controlfield tag="003">BD-RjUL</controlfield>
  <controlfield tag="005">20220510164117.0</controlfield>
  <controlfield tag="008">220510s1959    ua ||||| |||| 00| 0 ara d</controlfield>
  <datafield tag="035" ind1=" " ind2=" ">
    <subfield code="a">(BD-RjUL)79779</subfield>
  </datafield>
  <datafield tag="040" ind1=" " ind2=" ">
    <subfield code="a">BD-RjUL</subfield>
    <subfield code="b">eng</subfield>
    <subfield code="c">BD-RjUL</subfield>
  </datafield>
  <datafield tag="041" ind1=" " ind2=" ">
    <subfield code="a">ara</subfield>
  </datafield>
  <datafield tag="082" ind1=" " ind2=" ">
    <subfield code="2">23</subfield>
    <subfield code="a">331.21</subfield>
    <subfield code="b">LOU 1959</subfield>
  </datafield>
  <datafield tag="100" ind1="1" ind2=" ">
    <subfield code="a">[loudin, kith ]&#x644;&#x648;&#x62F;&#x646;&#x60C; &#x643;&#x64A;&#x62B;</subfield>
    <subfield code="9">2895</subfield>
  </datafield>
  <datafield tag="245" ind1="1" ind2="4">
    <subfield code="a">&#x627;&#x644;&#x623;&#x62C;&#x648;&#x631; &#x627;&#x644;&#x62A;&#x634;&#x62C;&#x64A;&#x639;&#x64A;&#x629; [ al'ujur altashjieia] = Wave Incentives /</subfield>
    <subfield code="c">&#x62A;&#x623;&#x644;&#x64A;&#x641; &#x643;&#x64A;&#x62B; &#x644;&#x648;&#x62F;&#x646; &#x61B; &#x62A;&#x631;&#x62C;&#x645;&#x629; &#x645;&#x627;&#x647;&#x631; &#x646;&#x633;&#x64A;&#x645; &#x61B; &#x62A;&#x642;&#x62F;&#x64A;&#x645; &#x645;&#x62D;&#x645;&#x62F; &#x633;&#x639;&#x64A;&#x62F; &#x627;&#x644;&#x62E;&#x634;&#x627;&#x628;.[alif kith ludin ; tarjamat mahir nasaym ; taqdim muhamad saeid alkhashabi.]</subfield>
  </datafield>
  <datafield tag="260" ind1=" " ind2=" ">
    <subfield code="a">&#x627;&#x644;&#x642;&#x627;&#x647;&#x631;&#x629; : </subfield>
    <subfield code="b">&#x62F;&#x627;&#x631; &#x627;&#x644;&#x645;&#x639;&#x627;&#x631;&#x641;&#x60C;</subfield>
    <subfield code="c">1959</subfield>
  </datafield>
  <datafield tag="300" ind1=" " ind2=" ">
    <subfield code="a">173 p. :</subfield>
    <subfield code="b">ill. ;</subfield>
    <subfield code="c">22 cm</subfield>
  </datafield>
  <datafield tag="490" ind1=" " ind2=" ">
    <subfield code="a">[maktabat aleulum aliaqtisadia ]&#x645;&#x643;&#x62A;&#x628;&#x629; &#x627;&#x644;&#x639;&#x644;&#x648;&#x645; &#x627;&#x644;&#x627;&#x642;&#x62A;&#x635;&#x627;&#x62F;&#x64A;&#x629; </subfield>
  </datafield>
  <datafield tag="650" ind1=" " ind2=" ">
    <subfield code="a">Wages</subfield>
    <subfield code="9">2896</subfield>
  </datafield>
  <datafield tag="700" ind1=" " ind2=" ">
    <subfield code="a">&#x646;&#x633;&#x64A;&#x645;&#x60C; &#x645;&#x627;&#x647;&#x631;; [Naseem, Maher;]</subfield>
    <subfield code="9">2897</subfield>
  </datafield>
  <datafield tag="700" ind1=" " ind2=" ">
    <subfield code="a">[Al-Khashab, Muhammad Saeed ]&#x627;&#x644;&#x62E;&#x634;&#x627;&#x628;&#x60C; &#x645;&#x62D;&#x645;&#x62F; &#x633;&#x639;&#x64A;&#x62F;</subfield>
    <subfield code="9">2898</subfield>
  </datafield>
  <datafield tag="830" ind1=" " ind2=" ">
    <subfield code="a">[maktabat aleulum aliaqtisadia ]&#x645;&#x643;&#x62A;&#x628;&#x629; &#x627;&#x644;&#x639;&#x644;&#x648;&#x645; &#x627;&#x644;&#x627;&#x642;&#x62A;&#x635;&#x627;&#x62F;&#x64A;&#x629; </subfield>
    <subfield code="9">2899</subfield>
  </datafield>
  <datafield tag="942" ind1=" " ind2=" ">
    <subfield code="2">ddc</subfield>
    <subfield code="c">BK</subfield>
  </datafield>
  <datafield tag="999" ind1=" " ind2=" ">
    <subfield code="c">79779</subfield>
    <subfield code="d">79779</subfield>
  </datafield>
  <datafield tag="952" ind1=" " ind2=" ">
    <subfield code="0">0</subfield>
    <subfield code="1">0</subfield>
    <subfield code="2">ddc</subfield>
    <subfield code="4">0</subfield>
    <subfield code="7">1</subfield>
    <subfield code="8">NFIC</subfield>
    <subfield code="a">RUCL</subfield>
    <subfield code="b">RUCL</subfield>
    <subfield code="c">Reading</subfield>
    <subfield code="d">2022-05-10</subfield>
    <subfield code="l">0</subfield>
    <subfield code="o">A 331.21 LOU 1959</subfield>
    <subfield code="r">2022-05-10 00:00:00</subfield>
    <subfield code="t">C-1</subfield>
    <subfield code="w">2022-05-10</subfield>
    <subfield code="y">BK</subfield>
  </datafield>
</record>
